Statistiques concernant Pays slaves

Cliquez ici pour prendre le quiz!

Statistiques générales

  • Ce quiz a été pris 5,562 fois
  • Le résultat moyen est 11 sur 13

Statistiques - réponses

Pays % Correct
OrientaleRussie
92%
OrientaleUkraine
90%
OrientaleBiélorussie
89%
MeridionaleSerbie
88%
OccidentaleSlovaquie
88%
MeridionaleCroatie
87%
MeridionaleSlovénie
87%
OccidentaleRépublique tchèque
84%
MeridionaleBosnie-Herzégovine
82%
MeridionaleBulgarie
81%
MeridionaleMonténégro
81%
OccidentalePologne
81%
MeridionaleMacédoine
79%

Distribution des résultats

Percentile par nombre de réponses

% des personnes avec chaque résultat

Votre développement - résultats

Vous n’avez pas pris ce quiz